The Information-Based Corporation / Stakeholder Economics and the Technology Investment (Record no. 1032)
[ view plain ]
| 000 -LEADER | |
|---|---|
| fixed length control field | 01598cam a22001934a 4500 |
| 005 - ΗΜΕΡΟΜΗΝΙΑ ΚΑΙ ΩΡΑ ΤΕΛΕΥΤΑΙΑΣ ΕΝΗΜΕΡΩΣΗΣ | |
| Πεδίο ελέγχου | 20250605163955.0 |
| 008 - FIXED-LENGTH DATA ELEMENTS--GENERAL INFORMATION | |
| Πεδίο ελέγχου σταθερού μήκους | 250528s ||||||||||||||||||||||||d |
| 035 ## - SYSTEM CONTROL NUMBER | |
| System control number | 15452 |
| 020 ## - ISBN | |
| ISBN | 870946846 |
| 040 ## - ΠΗΓΗ ΚΑΤΑΛΟΓΟΓΡΑΦΗΣΗΣ | |
| Φορέας πρωτότυπης καταλογογράφησης | MC Athens Campus Library |
| Γλώσσα καταλογογράφησης | Ελληνικά, Μοντέρνα (1453-) |
| Modifying agency | MC Athens Campus Library |
| Κανόνες περιγραφικής καταλογογράφησης | AACR2 |
| 245 1# - ΤΙΤΛΟΣ ΚΑΙ ΔΗΛΩΣΗ ΥΠΕΥΘΥΝΟΤΗΤΑΣ | |
| Τίτλος | The Information-Based Corporation / Stakeholder Economics and the Technology Investment |
| 260 ## - PUBLICATION, DISTRIBUTION, ETC. | |
| Name of publisher, distributor, etc. | Don Jones-Irwin, |
| Date of publication, distribution, etc. | 1990 |
| 300 ## - PHYSICAL DESCRIPTION | |
| Extent | 300 |
| 520 ## - SUMMARY, ETC. | |
| Summary, etc. | This book offers new fundamental thinking and insights for senior information executives and chief executive officers as well. Preface, Acknowledgements, Discovering the Corporation's Leverage Points, Introduction: The New Management Challenge, Back to Basics: New Ways to Measure the Economic Impact of Information Technology, Assessing the Enterprise: A Stakeholder Approach, Strategy and Culture and the Infrastructure: Forming the New Organization, The Driving Force and the Functional Mission: Unity of Action, Environment and Market and Products and Services: Creating and Delivering Value, Determining Organizational and Technology Investment Actions, Establishing Goals and Objectives: Redefining the Economic Basis, Corporate Imperatives: Reaching Consensus on Key Assumptions and Corporate-Wide Actions, Establishing Actions and Priorities: Translating Corporate Imperatives into Action, Charting the Transition, Resource Management, Information as a Corporate Asset, Corporate Productivity, Making the Transition, Conclusion, Appendices, Glossary, Bibliography, Index. |
| 700 1# - ΠΡΟΣΘΕΤΗ ΑΝΑΓΡΑΦΗ--ΦΥΣΙΚΟ ΠΡΟΣΩΠΟ | |
| Personal name | Vincept R. David |
| 9 (RLIN) | 1376 |
| 942 ## - ADDED ENTRY ELEMENTS (KOHA) | |
| Koha item type | Books |
| Τύπος τεκμηρίου | Βιβλιοθήκη | Τρέχουσα τοποθεσία | Barcode | Αριθμός εισαγωγής | Ημερομηνία απόκτησης | Ταξιθετικό σύμβολο | Αριθμός αντιτύπου | Κατάσταση απόσυρσης | Κατάσταση χαμένου | Κατάσταση κατεστραμμένου | Μη δανεισμός | Σύνολο δανεισμών | Ημερομηνία τελευταίας εμφάνισης | Η τιμή ισχύει από |
|---|---|---|---|---|---|---|---|---|---|---|---|---|---|---|
| Books | MC Athens Campus Library | MC Athens Campus Library | 9780000010315 | 1797 | 05/06/2025 | 658.4/038 VIN | 1 | 05/06/2025 | 05/06/2025 |